[Event "Nova Gorica op"]
[Site "Nova Gorica"]
[Date "1999.02.03"]
[Round "7"]
[White "Kovacic, Peter"]
[Black "Marjanovic, Slavoljub"]
[Result "1-0"]
[WhiteElo "2203"]
[BlackElo "2451"]
[PlyCount "43"]
[EventDate "1999.01.28"]
[Source "ChessBase"]
[SourceDate "1999.03.01"]

1. f4 e5 2. fxe5 d6 3. exd6 Bxd6 4. Nf3 g5 5. g3 g4 6. Nh4 Ne7 7. d4 Ng6 8. Ng2 h5 9. e4 c6 10. e5 Bc7 11. Nf4 Bf5 12. Bd3 Qd7 13. Bxf5 Qxf5 14. Qd3 Qxd3 15. Nxd3 Nd7 16. Nf4 c5 17. Nxg6 fxg6 18. e6 Nf6 19. O-O Nd5 20. Nc3 O-O-O 21. Bg5 Rd6 22. dxc5 1-0

[Event "Corr"]
[Site "?"]
[Date "2002.03.10"]
[Round "?"]
[White "Tauber Hans"]
[Black "Bartsch Gerhard (GER)"]
[Result "1-0"]
[WhiteElo "2327"]
[BlackElo "2324"]
[PlyCount "111"]
[EventDate "2002.??.??"]
[Source "www.chesslib.no"]
[SourceDate "2004.05.04"]

1. f4 e5 2. fxe5 d6 3. exd6 Bxd6 4. Nf3 g5 5. g3 g4 6. Nh4 Ne7 7. d4 Ng6 8. Nxg6 hxg6 9. Qd3 Nc6 10. c3 Bf5 11. e4 Qe7 12. Bg2 O-O-O 13. O-O Ne5 14. Qe3 Be6 15. Nd2 f6 16. Rf2 Nd7 17. Nf1 Rde8 18. d5 Bc5 19. dxe6 Bxe3 20. exd7+ Qxd7 21. Bxe3 f5 22. exf5 gxf5 23. Bd4 Rh5 24. a4 c5 25. Be3 Qd6 26. Rd2 Qa6 27. b4 Rd8 28. Rxd8+ Kxd8 29. Bxc5 Rh7 30. a5 Rc7 31. Ne3 Rxc5 32. bxc5 Qb5 33. Rd1+ Kc7 34. Rd5 Qb1+ 35. Nf1 a6 36. Kh1 Qb3 37. Rxf5 Qxc3 38. Rf7+ Kd8 39. Bxb7 Qxa5 40. Rf5 Qb5 41. Bg2 a5 42. Ne3 Qb2 43. Rf8+ Kc7 44. Nd5+ Kd7 45. Rf7+ Ke8 46. Rf1 Kd7 47. Ne3 Kc7 48. c6 Qb3 49. Nxg4 Qe6 50. Nf6 Qe5 51. Bd5 a4 52. Kg2 a3 53. Rf2 a2 54. Bxa2 Kxc6 55. h4 Qe3 56. Bd5+ 1-0

[Event "CAN Ch"]
[Site "Canada"]
[Date "1994.??.??"]
[Round "5"]
[White "Piasetski, Leon D"]
[Black "Berry, Jonathan"]
[Result "0-1"]
[WhiteElo "2365"]
[BlackElo "2285"]
[PlyCount "122"]
[EventDate "1994.??.??"]
[Source "www.chesslib.no"]
[SourceDate "2004.05.04"]

1. f4 e5 2. fxe5 d6 3. exd6 Bxd6 4. Nf3 Nf6 5. g3 Nc6 6. c3 O-O 7. Bg2 Re8 8. O-O Qe7 9. e3 Bg4 10. Qc2 Rad8 11. d3 Bxf3 12. Bxf3 Ne5 13. Bg2 c6 14. Kh1 Neg4 15. Rf3 Qe5 16. h3 Qh5 17. e4 Bc5 18. b4 Bb6 19. Nd2 Nf2+ 20. Rxf2 Bxf2 21. Nf1 Bb6 22. d4 Qg6 23. Nd2 Qxg3 24. e5 Rxe5 25. Nf1 Re1 26. Bf4 Qh4 27. Rxe1 Qxe1 28. Be5 Nd5 29. Qf5 Qh4 30. Qf3 f6 31. Bg3 Qg5 32. a3 Re8 33. c4 Ne7 34. c5 Bd8 35. Qb3+ Nd5 36. b5 Kh8 37. bxc6 bxc6 38. Qb7 Ne7 39. Qd7 Qg6 40. Qxa7 h5 41. a4 Nf5 42. Qd7 Kh7 43. Qxc6 Nxd4 44. Qd5 Ne2 45. Bh2 Nc3 46. Qd4 Re2 47. Bf3 Re1 48. Bg2 Ba5 49. c6 Qf5 50. Qf4 Qxf4 51. Bxf4 Nd5 52. Bg3 Ra1 53. Bxd5 Rxf1+ 54. Kg2 Rc1 55. Bf4 Rc5 56. Be4+ f5 57. Bf3 Rc4 58. Bd6 Kh6 59. Kf2 g5 60. Ke2 Rc2+ 61. Ke3 Rc3+ 0-1

[Event "Bucharest-B"]
[Site "Bucharest ROM"]
[Date "1994.??.??"]
[Round "?"]
[White "Bobu, Adrian"]
[Black "Kozakov, Mikhail"]
[Result "1/2-1/2"]
[WhiteElo "2335"]
[BlackElo "2310"]
[PlyCount "57"]
[EventDate "1994.??.??"]
[Source "www.chesslib.no"]
[SourceDate "2004.05.04"]

1. f4 e5 2. d3 exf4 3. Bxf4 d5 4. Nf3 Nf6 5. c3 Bd6 6. Nbd2 O-O 7. Bxd6 Qxd6 8. Qc2 Ng4 9. e4 Qf4 10. Nb3 Re8 11. Qd2 Qxd2+ 12. Nbxd2 Nf6 13. h3 Nbd7 14. Kf2 dxe4 15. dxe4 Nxe4+ 16. Nxe4 Rxe4 17. Bd3 Re8 18. Rhe1 Rxe1 19. Rxe1 Nf6 20. Bc4 b5 21. Bd5 Rb8 22. Re7 Bxh3 23. Bxf7+ Kf8 24. Rxc7 Bd7 25. Ne5 Ke7 26. Rxa7 Rf8 27. Ke3 Rxf7 28. Nxf7 Kxf7 29. Kd4 1/2-1/2

[Event "Landesliga S Bayern 9596"]
[Site "GER"]
[Date "1996.??.??"]
[Round "?"]
[White "Zach, Andreas"]
[Black "Schmid, Guenter"]
[Result "1/2-1/2"]
[WhiteElo "2325"]
[BlackElo "2320"]
[PlyCount "51"]
[EventDate "1995.10.??"]
[Source "www.chesslib.no"]
[SourceDate "2004.05.04"]

1. f4 e5 2. fxe5 d6 3. Nf3 g5 4. e4 g4 5. Bc4 gxf3 6. Qxf3 Be6 7. Bxe6 fxe6 8. O-O Qe7 9. Qh5+ Kd8 10. d4 Qe8 11. Qg5+ Kc8 12. exd6 cxd6 13. Na3 Ne7 14. Nc4 Ng6 15. Bf4 Nxf4 16. Qxf4 Kc7 17. Rf3 Nc6 18. Rd1 Rd8 19. Qf6 Rg8 20. d5 exd5 21. exd5 Qe2 22. Qf7+ Be7 23. Rd2 Rxg2+ 24. Kh1 Rxh2+ 25. Kg1 Rg2+ 26. Kh1 1/2-1/2

[Event "Corr"]
[Site "?"]
[Date "1998.10.27"]
[Round "?"]
[White "Ramos Mora Juan Luis (ESP)"]
[Black "Vujadinovic Milan"]
[Result "1-0"]
[WhiteElo "2369"]
[BlackElo "2275"]
[PlyCount "22"]
[EventDate "1998.??.??"]
[Source "www.chesslib.no"]
[SourceDate "2004.05.04"]

1. f4 e5 2. fxe5 Nc6 3. Nf3 g5 4. g3 g4 5. Nh4 Nxe5 6. Bg2 Ng6 7. Nxg6 hxg6 8. c4 Bd6 9. Qb3 c6 10. d4 b5 11. c5 Bc7 1-0

[Event "Bundesliga 9596"]
[Site "GER"]
[Date "1996.??.??"]
[Round "?"]
[White "Prang, Edgar"]
[Black "Schlingensiepen, Christian"]
[Result "1/2-1/2"]
[WhiteElo "2335"]
[BlackElo "2305"]
[PlyCount "71"]
[EventDate "1995.10.??"]
[Source "www.chesslib.no"]
[SourceDate "2004.05.04"]

1. f4 e5 2. fxe5 d6 3. exd6 Bxd6 4. Nf3 g5 5. g3 g4 6. Nh4 Ne7 7. d4 Ng6 8. Nxg6 hxg6 9. Qd3 Nc6 10. c3 f5 11. Bg2 Qe7 12. Nd2 Bd7 13. Nc4 O-O-O 14. Nxd6+ cxd6 15. Qe3 Qf7 16. d5 Ne5 17. Qxa7 Rde8 18. Be3 Qe7 19. O-O Nc4 20. Bd4 Qh7 21. Bxh8 Rxh8 22. Rf4 Bb5 23. b3 Qxh2+ 24. Kf2 Rh3 25. Rxc4+ Bxc4 26. bxc4 Rxg3 27. Rg1 f4 28. c5 Rxg2+ 29. Rxg2 Qh4+ 30. Kf1 Qh1+ 31. Rg1 Qh3+ 32. Ke1 Qxc3+ 33. Kf1 Qh3+ 34. Ke1 Qc3+ 35. Kf1 Qh3+ 36. Ke1 1/2-1/2

[Event "France (championnat N2)"]
[Site "?"]
[Date "2004.03.14"]
[Round "9.2"]
[White "Hassler Franck"]
[Black "Starostits Ilmars"]
[Result "0-1"]
[WhiteElo "2213"]
[BlackElo "2426"]
[PlyCount "78"]
[EventDate "2004.??.??"]
[Source "www.chesslib.no"]
[SourceDate "2004.05.04"]

1. f4 e5 2. fxe5 d6 3. exd6 Bxd6 4. Nf3 g5 5. g3 g4 6. Nh4 Ne7 7. d4 Ng6 8. Nxg6 hxg6 9. Qd3 Nc6 10. c3 Bf5 11. e4 Qe7 12. Bg2 O-O-O 13. Be3 Rde8 14. Nd2 Rxh2 15. O-O Bxg3 16. Bf4 Bxf4 17. Rxf4 Qd6 18. Raf1 Reh8 19. exf5 g5 20. Rxg4 Ne5 21. Qg3 Rxg2+ 22. Kxg2 Nxg4 23. Qxd6 cxd6 24. Kg3 Nf6 25. Re1 Kd8 26. Nf3 Rh5 27. c4 Kd7 28. b4 g4 29. Nh4 Rh8 30. a4 b6 31. Kf4 Rg8 32. b5 g3 33. Kf3 Rg4 34. c5 Rxh4 35. c6+ Kd8 36. c7+ Kxc7 37. Re7+ Nd7 38. Rxf7 Rxd4 39. f6 g2 0-1

[Event "Mar del Plata"]
[Site "?"]
[Date "1999.??.??"]
[Round "6"]
[White "Cristobal Ruben"]
[Black "Rosito Jorge"]
[Result "1-0"]
[WhiteElo "2260"]
[BlackElo "2379"]
[PlyCount "51"]
[EventDate "1999.??.??"]
[Source "www.chesslib.no"]
[SourceDate "2004.05.04"]

1. f4 e5 2. fxe5 d6 3. exd6 Bxd6 4. Nf3 g5 5. d4 g4 6. Ng5 f5 7. e4 h6 8. e5 Qe7 9. Ne4 fxe4 10. exd6 Qxd6 11. Nc3 Nf6 12. Nb5 Qe7 13. d5 Na6 14. d6 Qe5 15. dxc7 Bd7 16. Nd6+ Ke7 17. Bxa6 bxa6 18. O-O Qc5+ 19. Kh1 Qxd6 20. Qxd6+ Kxd6 21. Rxf6+ Kxc7 22. Bf4+ Kd8 23. Rd1 Ke7 24. Rxa6 Rhc8 25. Rxh6 Rh8 26. Bg5+ 1-0

[Event "Helsinki2"]
[Site "Helsinki FIN"]
[Date "1989.??.??"]
[Round "8"]
[White "Pyhala, Antti"]
[Black "Pirttimaki, Timo"]
[Result "1-0"]
[WhiteElo "2385"]
[BlackElo "2250"]
[PlyCount "69"]
[EventDate "1989.??.??"]
[Source "www.chesslib.no"]
[SourceDate "2004.05.04"]

1. f4 e5 2. fxe5 d6 3. exd6 Bxd6 4. Nf3 Nf6 5. d4 Nc6 6. c3 Ng4 7. Qd3 f5 8. Bg5 Ne7 9. Nbd2 h6 10. Bxe7 Qxe7 11. e4 fxe4 12. Qxe4 Bf5 13. Qxe7+ Bxe7 14. h3 Ne3 15. Kf2 Nxf1 16. Rhxf1 O-O-O 17. Rfe1 Rde8 18. Re5 Bd7 19. Rae1 Bf6 20. Rxe8+ Bxe8 21. Ne4 Bd8 22. Ke3 b6 23. Rf1 a5 24. Ne5 Be7 25. d5 h5 26. g3 a4 27. a3 Rh6 28. c4 Rh8 29. Kd4 Rg8 30. Nc6 Bf8 31. c5 Bd7 32. cxb6 cxb6 33. Rf7 Bxh3 34. d6 Bd7 35. Ne7+ 1-0

[Event "Erkel Memorial Open"]
[Site "?"]
[Date "2000.??.??"]
[Round "?"]
[White "Grunberg Sergiu-Florin"]
[Black "Biro Sandor"]
[Result "1-0"]
[WhiteElo "2295"]
[BlackElo "2339"]
[PlyCount "97"]
[EventDate "2000.??.??"]
[Source "www.chesslib.no"]
[SourceDate "2004.05.04"]

1. f4 e5 2. fxe5 d6 3. exd6 Bxd6 4. Nf3 g5 5. d4 g4 6. Ne5 Bxe5 7. dxe5 Qxd1+ 8. Kxd1 Nc6 9. Bf4 Be6 10. Nc3 O-O-O+ 11. Ke1 f6 12. exf6 Nxf6 13. Bg5 Rhf8 14. e4 Rde8 15. Kd2 Nd7 16. Bh4 Nde5 17. b3 Nd4 18. Bg3 Ng6 19. Nb5 Nxb5 20. Bxb5 Rd8+ 21. Ke3 h5 22. Rhd1 Rxd1 23. Rxd1 h4 24. Bf2 h3 25. Bf1 Nf4 26. gxh3 gxh3 27. Rd2 Ng6 28. Be2 Ne5 29. Bg3 Ng4+ 30. Kd4 Nxh2 31. Bxh2 Rf2 32. Be5 h2 33. Bxh2 Rxh2 34. Kc3 Bd7 35. Bc4 Rh4 36. e5 b5 37. Bd5 c6 38. Bg2 Rh2 39. b4 Kc7 40. a3 Bf5 41. Rf2 Be6 42. Rd2 Bc4 43. Be4 Rh3+ 44. Bd3 Kd7 45. Kb2 Kc7 46. Bxc4 bxc4 47. Re2 Kd7 48. e6+ Ke7 49. Re4 1-0

[Event "Oberliga Nord N 0001"]
[Site "?"]
[Date "2000.??.??"]
[Round "?"]
[White "Dietz Juergen"]
[Black "Bach Matthias"]
[Result "0-1"]
[WhiteElo "2285"]
[BlackElo "2345"]
[PlyCount "74"]
[EventDate "2000.??.??"]
[Source "www.chesslib.no"]
[SourceDate "2004.05.04"]

1. f4 e5 2. fxe5 Nc6 3. Nf3 g5 4. h3 d6 5. d4 h6 6. Nc3 dxe5 7. d5 Nce7 8. e4 Ng6 9. Bb5+ Bd7 10. Be3 Nf6 11. Bxd7+ Qxd7 12. a3 g4 13. Ng1 b5 14. Nge2 Nh4 15. Bf2 Nxg2+ 16. Kf1 gxh3 17. Qd3 Ng4 18. Qxh3 Nxf2 19. Qxd7+ Kxd7 20. Kxf2 Rg8 21. b4 Nf4 22. Nxf4 exf4 23. Nxb5 Rg3 24. Rh5 Be7 25. Rf5 Rag8 26. Rxf4 Rg2+ 27. Ke1 Rxc2 28. Kf1 Rh2 29. Re1 Bh4 30. Re3 Rh1+ 31. Ke2 Re1+ 32. Kd3 Rxe3+ 33. Kxe3 Bg5 34. Kf3 Bxf4 35. Kxf4 h5 36. Nd4 h4 37. Nf3 h3 0-1

[Event "Groningen GAM"]
[Site "Groningen NED"]
[Date "1992.??.??"]
[Round "?"]
[White "Krudde, Fitzgerald"]
[Black "Pieterse, Gert"]
[Result "1-0"]
[WhiteElo "2235"]
[BlackElo "2390"]
[PlyCount "45"]
[EventDate "1992.??.??"]
[Source "www.chesslib.no"]
[SourceDate "2004.05.04"]

1. f4 e5 2. fxe5 d6 3. exd6 Bxd6 4. Nf3 g5 5. g3 g4 6. Nh4 Ne7 7. d4 Ng6 8. Ng2 Nc6 9. c3 h5 10. e4 h4 11. e5 Ncxe5 12. dxe5 Nxe5 13. Qe2 Be6 14. Nd2 hxg3 15. Nf4 Nf3+ 16. Nxf3 gxf3 17. Qxf3 Bxf4 18. Bxf4 Bd5 19. Qe2+ Qe7 20. Rg1 Rxh2 21. Qxe7+ Kxe7 22. Bxg3 Rxb2 23. O-O-O 1-0

[Event "A/E-H/08"]
[Site "?"]
[Date "2001.??.??"]
[Round "?"]
[White "Hanegby Avigdor"]
[Black "Mione Dario"]
[Result "1/2-1/2"]
[WhiteElo "2360"]
[BlackElo "2256"]
[PlyCount "79"]
[EventDate "2001.??.??"]
[Source "www.chesslib.no"]
[SourceDate "2004.05.04"]

1. f4 e5 2. fxe5 d6 3. exd6 Bxd6 4. Nf3 g5 5. g3 g4 6. Nh4 Ne7 7. d4 Ng6 8. Nxg6 hxg6 9. Qd3 Nc6 10. c3 Bf5 11. e4 Qe7 12. Bg2 O-O-O 13. Be3 Bd7 14. Kd1 Rh5 15. Nd2 f5 16. e5 Bxe5 17. dxe5 Nxe5 18. Qe2 Nd3 19. b3 Bb5 20. c4 Qf6 21. Rb1 Bc6 22. Bxc6 Qxc6 23. Rf1 Rhh8 24. Bg5 Rd6 25. Qe3 Rxh2 26. Qg1 Qg2 27. Qxg2 Rxg2 28. Kc2 Rxg3 29. a3 Rg2 30. Rh1 Nf2 31. Rh8+ Kd7 32. Rd8+ Kc6 33. Rxd6+ cxd6 34. Be3 Ne4 35. Kd3 Nc5+ 36. Bxc5 dxc5 37. Rh1 Rg3+ 38. Ke2 Rh3 39. Rxh3 gxh3 40. Kf2 1/2-1/2

[Event "Russian Winter Open"]
[Site "Moscow RUS"]
[Date "1991.??.??"]
[Round "?"]
[White "Gusev, Yuri S"]
[Black "Gaffney, Matt"]
[Result "1-0"]
[WhiteElo "2360"]
[BlackElo "2255"]
[PlyCount "53"]
[EventDate "1991.??.??"]
[Source "www.chesslib.no"]
[SourceDate "2004.05.04"]

1. f4 e5 2. fxe5 d6 3. exd6 Bf5 4. Nf3 g5 5. e4 Bg6 6. dxc7 Qxc7 7. Bb5+ Nc6 8. Qe2 O-O-O 9. Bxc6 Qxc6 10. Nc3 Nf6 11. d3 Bb4 12. O-O g4 13. Nh4 g3 14. Qf3 gxh2+ 15. Kh1 Nh5 16. Nf5 Rd7 17. g4 Bxf5 18. gxf5 Nf6 19. Bg5 Bxc3 20. bxc3 Qxc3 21. Rab1 h5 22. Rb3 Qe5 23. Bf4 Qa5 24. e5 Ng4 25. e6 fxe6 26. fxe6 Rg7 27. Qc6+ 1-0

[Event "AUT-chT2S 9495"]
[Site "Austria"]
[Date "1995.??.??"]
[Round "1"]
[White "Fahrner, Kurt"]
[Black "Insam, Heinz"]
[Result "1-0"]
[WhiteElo "2330"]
[BlackElo "2285"]
[PlyCount "47"]
[EventDate "1994.??.??"]
[Source "www.chesslib.no"]
[SourceDate "2004.05.04"]

1. f4 e5 2. fxe5 d6 3. exd6 Bxd6 4. Nf3 Bg4 5. e4 Nf6 6. d3 Nh5 7. Be3 f5 8. Nbd2 O-O 9. c3 Kh8 10. Qc2 Nc6 11. O-O-O fxe4 12. dxe4 Qe7 13. h3 Ng3 14. hxg4 Nxh1 15. Ba6 bxa6 16. Rxh1 Bf4 17. e5 h6 18. Qe4 Bxe3 19. Qxe3 Rae8 20. Rh5 Qe6 21. Qe4 Kg8 22. g5 Nxe5 23. gxh6 Nxf3 24. hxg7 1-0

[Event "Nojabrsk RUS"]
[Site "?"]
[Date "2005.04.07"]
[Round "2"]
[White "Fatkulin Andrey"]
[Black "Pokazanjev Nikolai"]
[Result "0-1"]
[WhiteElo "2235"]
[BlackElo "2380"]
[PlyCount "64"]
[EventDate "2005.??.??"]
[Source "www.chesslib.no"]
[SourceDate "2004.05.04"]

1. f4 e5 2. fxe5 d6 3. exd6 Bxd6 4. Nf3 g5 5. g3 g4 6. Nh4 Ne7 7. d4 Ng6 8. Ng2 h5 9. e4 h4 10. e5 Be7 11. Rg1 c5 12. c3 Nc6 13. Be3 cxd4 14. cxd4 h3 15. Nf4 Nxf4 16. Bxf4 Qxd4 17. Qxd4 Nxd4 18. Kd1 Bf5 19. Nc3 Rd8 20. Kc1 O-O 21. Be2 Nxe2+ 22. Nxe2 Rc8+ 23. Nc3 b5 24. Kd1 Rfd8+ 25. Ke1 b4 26. Nd1 Bc5 27. Rf1 Bd3 28. Rf2 Bxf2+ 29. Nxf2 Bf5 30. Rc1 Rxc1+ 31. Bxc1 Rd5 32. Bf4 a5 0-1

[Event "ETCC w"]
[Site "Crete GRE"]
[Date "2007.10.30"]
[Round "3"]
[White "Michna, Mart"]
[Black "Andriasian, S."]
[Result "1-0"]
[WhiteElo "2375"]
[BlackElo "2234"]
[PlyCount "53"]
[EventDate "2007.10.28"]
[Source "www.chesslib.no"]
[SourceDate "2004.05.04"]

1. f4 e5 2. fxe5 d6 3. exd6 Bxd6 4. Nf3 g5 5. g3 g4 6. Nh4 Ne7 7. d4 Ng6 8. Nxg6 hxg6 9. Qd3 Qe7 10. e4 Bf5 11. Bg2 Nc6 12. c3 O-O-O 13. Be3 Rxh2 14. Rxh2 Bxg3+ 15. Kd1 Bxh2 16. exf5 Re8 17. Nd2 Qxe3 18. Qxe3 Rxe3 19. Nf1 Re8 20. Nxh2 gxf5 21. Kd2 Rh8 22. Rh1 Kd8 23. Nf1 Rg8 24. Bxc6 bxc6 25. Ke3 Re8+ 26. Kf4 Re1 27. Ng3 1-0

[Event "VIII Open"]
[Site "Tarragona SPA"]
[Date "2007.08.25"]
[Round "8"]
[White "Valls Marti, A."]
[Black "Marzolo, C."]
[Result "0-1"]
[WhiteElo "2116"]
[BlackElo "2491"]
[PlyCount "60"]
[EventDate "2007.08.18"]
[Source "www.chesslib.no"]
[SourceDate "2004.05.04"]

1. f4 e5 2. fxe5 Nc6 3. Nc3 d5 4. exd6 Bxd6 5. Nf3 g5 6. g3 g4 7. Nh4 Nge7 8. d4 Ng6 9. Ng2 Nxd4 10. Ne4 Be7 11. c3 Bf5 12. Qxd4 Qxd4 13. cxd4 Bxe4 14. Bd2 O-O-O 15. e3 c5 16. Rc1 Kb8 17. Bc3 Bf6 18. Rd1 cxd4 19. exd4 h5 20. Kf2 h4 21. Rg1 hxg3+ 22. hxg3 Rh2 23. Be2 Rd5 24. Bxg4 Rg5 25. Bd7 Kc7 26. Bd2 Bxd4+ 27. Be3 Bxe3+ 28. Kxe3 Bxg2 29. Ba4 Re5+ 30. Kd4 Re4+ 0-1

[Event "HUN Team Ch 9394"]
[Site "HUN"]
[Date "1994.??.??"]
[Round "?"]
[White "Lajos, Janos"]
[Black "Szabo, Zsolt"]
[Result "1/2-1/2"]
[WhiteElo "2325"]
[BlackElo "2280"]
[PlyCount "21"]
[EventDate "1993.??.??"]
[Source "www.chesslib.no"]
[SourceDate "2004.05.04"]

1. f4 e5 2. fxe5 d6 3. exd6 Bxd6 4. Nf3 Nf6 5. d3 h6 6. Nc3 Nc6 7. e4 O-O 8. Be3 Ng4 9. Bg1 f5 10. Qe2 Bb4 11. h3 1/2-1/2

[Event "Cseppko op-A 11th"]
[Site "?"]
[Date "2000.??.??"]
[Round "?"]
[White "Grunberg Sergiu-Florin"]
[Black "Meszaros Andras"]
[Result "1/2-1/2"]
[WhiteElo "2295"]
[BlackElo "2306"]
[PlyCount "52"]
[EventDate "2000.??.??"]
[Source "www.chesslib.no"]
[SourceDate "2004.05.04"]

1. f4 e5 2. fxe5 d6 3. exd6 Bxd6 4. Nf3 g5 5. d4 g4 6. Ne5 Bxe5 7. dxe5 Qxd1+ 8. Kxd1 Nc6 9. Bf4 Bf5 10. Nc3 O-O-O+ 11. Kc1 Nge7 12. e4 Be6 13. Bb5 a6 14. Bxc6 Nxc6 15. b3 h5 16. Kb2 h4 17. Rad1 Rh5 18. Rxd8+ Kxd8 19. Rd1+ Ke7 20. Ne2 Nxe5 21. Nc1 f6 22. Nd3 Bc8 23. Nb4 c6 24. Nd3 h3 25. gxh3 gxh3 26. Bxe5 fxe5 1/2-1/2

[Event "BCF Ch"]
[Site "Brighton ENG"]
[Date "1980.08.12"]
[Round "8"]
[White "Rumens, David E"]
[Black "Hebden, Mark L"]
[Result "0-1"]
[WhiteElo "2310"]
[BlackElo "2290"]
[PlyCount "122"]
[EventDate "1980.08.04"]
[Source "www.chesslib.no"]
[SourceDate "2004.05.04"]

1. f4 e5 2. fxe5 d6 3. e6 Bxe6 4. Nf3 d5 5. e3 Bd6 6. Be2 Nd7 7. Nc3 Ne5 8. e4 Nxf3+ 9. Bxf3 d4 10. Ne2 Be5 11. d3 Qd6 12. g3 Nf6 13. Nf4 O-O-O 14. Bd2 h5 15. Nxe6 fxe6 16. Qe2 h4 17. g4 Bf4 18. O-O Be5 19. g5 Nd7 20. Bg4 Qe7 21. Bh3 Bd6 22. Rf2 Rdf8 23. Raf1 Rxf2 24. Rxf2 Ne5 25. Kg2 Kd7 26. c3 c5 27. cxd4 cxd4 28. Qd1 Rf8 29. Qa4+ Kc7 30. Qxd4 Nc6 31. Qc4 Bc5 32. Rxf8 Qxf8 33. d4 Bxd4 34. Be1 Qf4 35. Qxe6 Qxg5+ 36. Qg4 Qe3 37. Qxh4 Qg1+ 38. Kf3 Ne5+ 39. Ke2 Qe3+ 40. Kd1 Qf3+ 41. Kc1 Nd3+ 42. Kc2 Nxe1+ 43. Qxe1 Qxh3 44. Qa5+ Kc8 45. Qd5 Qxh2+ 46. Kd3 Qxb2 47. Qe6+ Kc7 48. Qe7+ Kb6 49. Qd6+ Kb5 50. a4+ Kxa4 51. Qxd4+ Qxd4+ 52. Kxd4 Kb5 53. Kd5 g5 54. e5 Kb6 55. Kd6 g4 56. e6 g3 57. e7 g2 58. e8=Q g1=Q 59. Qd8+ Ka6 60. Qa8 Qd4+ 61. Ke7 Kb6 0-1

[Event "URS Spartakiad"]
[Site "URS"]
[Date "1979.??.??"]
[Round "?"]
[White "Rytov, Boris"]
[Black "Nasybullin, Vladislav"]
[Result "1/2-1/2"]
[WhiteElo "2400"]
[BlackElo "2200"]
[PlyCount "66"]
[EventDate "1979.??.??"]
[Source "ChessBase"]

1. f4 e5 2. fxe5 d6 3. Nf3 dxe5 4. e4 Bc5 5. Bc4 Nc6 6. Qe2 Qe7 7. d3 Bg4 8. c3 O-O-O 9. Be3 Nf6 10. Nbd2 Nh5 11. g3 g6 12. b4 Bb6 13. a4 Be6 14. a5 Bxe3 15. Qxe3 Bxc4 16. Nxc4 a6 17. O-O Nf6 18. h3 Rhe8 19. Rab1 Qd7 20. Ne1 Nh5 21. Kh2 f5 22. Qc5 fxe4 23. dxe4 Qe7 24. Qxe7 Rxe7 25. Rf2 Re6 26. Kg2 Nf6 27. Re2 Na7 28. Na3 Nb5 29. Nxb5 axb5 30. Rc1 Ne8 31. c4 Nd6 32. cxb5 Nxb5 33. Nf3 Nd4 1/2-1/2

[Event "FRA-ch accession"]
[Site "?"]
[Date "1996.??.??"]
[Round "1"]
[White "Nguyen Chi Minh"]
[Black "Boudre Jean Pierre"]
[Result "0-1"]
[WhiteElo "2200"]
[BlackElo "2400"]
[PlyCount "48"]
[EventDate "1996.??.??"]
[Source "www.chesslib.no"]
[SourceDate "2004.05.04"]

1. f4 e5 2. fxe5 d6 3. exd6 Bxd6 4. Nf3 Nf6 5. Nc3 Bg4 6. d4 O-O 7. Bg5 Re8 8. e4 Nxe4 9. Nxe4 Rxe4+ 10. Kf2 f6 11. Bd3 Re7 12. Be3 Nc6 13. c3 Qd7 14. Qc2 g6 15. Rae1 Rae8 16. Bd2 Kg7 17. h3 Bxf3 18. Kxf3 Be5 19. dxe5 Nxe5+ 20. Rxe5 Rxe5 21. Bf4 Qd5+ 22. Kf2 Qc5+ 23. Kf3 g5 24. Bc1 Re3+ 0-1

[Event "Ch Belgium"]
[Site "Namur (Belgium)"]
[Date "2007.07.07"]
[Round "8"]
[White "Draftian Ashote (BEL)"]
[Black "Akhayan Ruben (BEL)"]
[Result "1-0"]
[WhiteElo "2313"]
[BlackElo "2286"]
[PlyCount "59"]
[EventDate "2007.??.??"]
[Source "www.chesslib.no"]
[SourceDate "2004.05.04"]

1. f4 e5 2. fxe5 d6 3. exd6 Bxd6 4. Nf3 g5 5. c3 g4 6. Qa4+ Nc6 7. Qe4+ Be6 8. Nd4 Nxd4 9. Qxd4 Qf6 10. Qxf6 Nxf6 11. d3 Kd7 12. e4 Rae8 13. Bh6 Nh5 14. Nd2 f5 15. O-O-O Rhg8 16. g3 f4 17. gxf4 Rg6 18. Bg5 Nxf4 19. Bh4 Nh5 20. d4 Bf4 21. Kc2 Rf8 22. Bd3 Rh6 23. d5 Bg8 24. Be2 Nf6 25. Bxf6 Rhxf6 26. Bxg4+ Ke7 27. Nf3 Rg6 28. h3 Be3 29. Nh4 Rf2+ 30. Kd3 1-0

[Event "Maikop (Russia)"]
[Site "?"]
[Date "2004.04.??"]
[Round "1"]
[White "Chunihin Sergey"]
[Black "Kryakvin Dmitry"]
[Result "0-1"]
[WhiteElo "2111"]
[BlackElo "2487"]
[PlyCount "100"]
[EventDate "2004.??.??"]
[Source "www.chesslib.no"]
[SourceDate "2004.05.04"]

1. f4 e5 2. fxe5 d6 3. exd6 Bxd6 4. Nf3 g5 5. g3 g4 6. Nh4 Ne7 7. d4 Ng6 8. Ng2 Nc6 9. c3 Qe7 10. Qd3 h5 11. Nd2 h4 12. Rg1 hxg3 13. hxg3 Nce5 14. Qe3 f5 15. Nf4 Nxf4 16. gxf4 Ng6 17. Qxe7+ Bxe7 18. e3 Bh4+ 19. Ke2 b6 20. Bg2 Ba6+ 21. c4 O-O-O 22. b3 Rhe8 23. Rf1 Rxd4 24. Bc6 Re6 25. Bb2 Rxd2+ 26. Kxd2 Rxc6 27. e4 fxe4 28. Ke3 Bf6 29. Bxf6 Rxf6 30. f5 Nh4 31. Kxe4 Rf8 32. Ke5 Bb7 33. Ke6 g3 34. f6 Bg2 35. f7 Bxf1 36. Rxf1 g2 37. Rg1 Ng6 38. Kf6 Nh8 39. Rxg2 Rxf7+ 40. Ke6 Rh7 41. Kf6 a5 42. c5 bxc5 43. Rg5 Kb7 44. Rxc5 Kb6 45. Rg5 Rh2 46. a4 Rf2+ 47. Ke6 c6 48. Rg4 Nf7 49. b4 axb4 50. Rxb4+ Kc5 0-1

[Event "It (Men) Copenhagen DEN"]
[Site "?"]
[Date "2005.07.17"]
[Round "3"]
[White "Danielsen Henrik"]
[Black "Vea Odin Blikra"]
[Result "1-0"]
[WhiteElo "2511"]
[BlackElo "2085"]
[PlyCount "59"]
[EventDate "2005.??.??"]
[Source "www.chesslib.no"]
[SourceDate "2004.05.04"]

1. f4 e5 2. fxe5 d6 3. exd6 Bxd6 4. Nf3 Nf6 5. g3 Nc6 6. Bg2 Bg4 7. d3 Qd7 8. Nc3 O-O-O 9. Bg5 Qf5 10. Qd2 Bb4 11. Nh4 Qc5 12. Bxf6 gxf6 13. a3 Ba5 14. O-O-O Nd4 15. b4 Bxb4 16. axb4 Qxb4 17. Rde1 Qa3+ 18. Kb1 Rd6 19. Nd5 Nb5 20. c4 Rxd5 21. Bxd5 Qb3+ 22. Kc1 Nc3 23. Qc2 Na2+ 24. Kd2 Qb4+ 25. Ke3 Nc3 26. Kf2 Qc5+ 27. d4 Qxd4+ 28. e3 Qe5 29. Rc1 Ne2 30. Bf3 1-0

[Event "Graz Open"]
[Site "Graz AUT"]
[Date "1993.??.??"]
[Round "6"]
[White "Bachler, Reinhard"]
[Black "Kiss, Attila"]
[Result "0-1"]
[WhiteElo "2230"]
[BlackElo "2365"]
[PlyCount "73"]
[EventDate "1993.??.??"]
[Source "www.chesslib.no"]
[SourceDate "2004.05.04"]

1. f4 e5 2. fxe5 d6 3. Nf3 g5 4. d4 g4 5. Bg5 Qd7 6. Nfd2 dxe5 7. dxe5 Qf5 8. Bh4 Nc6 9. Nc3 Be6 10. e4 Qh5 11. g3 Be7 12. Bxe7 Ngxe7 13. Bg2 O-O-O 14. O-O Qxe5 15. Qe1 h5 16. Rf2 h4 17. Qe3 Nf5 18. Qf4 hxg3 19. hxg3 Nxg3 20. Qxe5 Nxe5 21. Nd5 Nh5 22. Nf1 c6 23. Ne7+ Kc7 24. Nf5 Rd7 25. b3 Rhd8 26. Re1 Rd1 27. Rxd1 Rxd1 28. Rd2 Ra1 29. c4 Nf4 30. Kf2 Nxg2 31. Kxg2 Nf3 32. Rf2 a5 33. Kg3 Ng5 34. Nd2 Rg1+ 35. Kh2 Re1 36. Kg2 Nh3 37. Ne3 0-1

[Event "Budapest HUN"]
[Site "?"]
[Date "1998.08.02"]
[Round "2"]
[White "Kahn Evarth"]
[Black "Schlusnik Nandor"]
[Result "1/2-1/2"]
[WhiteElo "2330"]
[BlackElo "2265"]
[PlyCount "25"]
[EventDate "1998.??.??"]
[Source "www.chesslib.no"]
[SourceDate "2004.05.04"]

1. f4 e5 2. fxe5 d6 3. exd6 Bxd6 4. Nf3 g5 5. g3 g4 6. Nh4 f5 7. e3 Ne7 8. Bd3 Be6 9. Ng2 Nbc6 10. Nf4 Bxf4 11. exf4 Qd5 12. Rg1 O-O-O 13. Nc3 1/2-1/2